Arsenal 19/20 First Team Squad - Statistics

General Stats
  • This quiz has been taken 50 times
    39 since last reset
  • The average score is 20 of 27
Answer Stats
Position Player # Answer % Correct
FW 9 Alexandre Lacazette
100%
GK 1 Bernd Leno
100%
FW 14 Pierre-Emerick Aubameyang
100%
MF 77 Bukayo Saka
94%
MF 34 Granit Xhaka
94%
DF 2 Héctor Bellerín
91%
MF 10 Mesut Özil
91%
GK 26 Emiliano Martínez
89%
DF 5 Sokratis
86%
FW 19 Nicolas Pépé
83%
DF 16 Rob Holding
83%
DF 3 Kieran Tierney
74%
MF 11 Lucas Torreira
74%
DF 31 Sead Kolašinac
74%
FW 30 Eddie Nketiah
71%
DF 20 Shkodran Mustafi
71%
DF 23 David Luiz
69%
MF 15 Ainsley Maitland-Niles
66%
MF 8 Dani Ceballos
66%
FW 24 Reiss Nelson
66%
MF 29 Matteo Guendouzi
63%
DF 21 Calum Chambers
57%
MF 28 Joe Willock
57%
DF 17 Cédric Soares
49%
FW 35 Gabriel Martinelli
46%
GK 33 Matt Macey
46%
DF 22 Pablo Marí
37%
No matching quizzes found
Score Distribution
Percent of People with Each Score
Percentile by Number Answered
Your Score History
You have not taken this quiz since the last reset